| 000 | 01644cam a2200421Ia 4500 | ||
|---|---|---|---|
| 001 | 55016 | ||
| 005 | 20230411090012.0 | ||
| 008 | 950112r19951994nyua 001 0 eng d | ||
| 035 | _a(OCoLC)ocm31806990 | ||
| 040 |
_aBKL _cBKL _dEOS _dVET _dUIU _dUBA _dBAKER _dYDXCP _dBTCTA |
||
| 020 |
_a0679742441 : _c$13.00 |
||
| 020 | _a9780679742449 | ||
| 029 | 1 |
_aYDXCP _b545523 |
|
| 035 | _a(OCoLC)31806990 | ||
| 090 |
_aBD444 _b.N969 1995 |
||
| 096 | _aWT 116 N969 1995 | ||
| 092 | 0 |
_a616.078 _bN912h, 1995 _220 |
|
| 049 | _aGRAL | ||
| 100 | 1 | _aNuland, Sherwin B. | |
| 245 | 1 | 0 |
_aHow we die : _breflections on life's final chapter / _cSherwin B. Nuland. |
| 250 | _a1st ed. | ||
| 260 |
_aNew York : _bVintage Books, _c1995. |
||
| 300 |
_axviii, 278 p. : _bill. ; _c25 cm. |
||
| 500 | _aOriginally published: New York : Knopf, 1994. | ||
| 500 | _aIncludes index. | ||
| 505 | 0 | _aThe strangled heart -- A valentine--and how it fails -- Three score and ten -- Doors to death of the aged -- Alzheimer's disease -- Murder and serenity -- Accidents, suicide, and euthanasia -- A story of AIDS -- The life of a virus and the death of a man -- The malevolence of cancer -- Hope and the cancer patient -- The lessons learned. | |
| 650 | 0 | _aDeath. | |
| 650 | 2 | _aDeath. | |
| 650 | 7 |
_aMorte (costumes) _2larpcal |
|
| 650 | 7 |
_aMorte (medicina) _2larpcal |
|
| 650 | 7 |
_aMorte (psicologia) _2larpcal |
|
| 938 |
_aBaker & Taylor _bBKTY _c14.95 _d11.21 _i0679742441 _n0002568653 _sactive |
||
| 938 |
_aYBP Library Services _bYANK _n545523 |
||
| 938 |
_aBaker and Taylor _bBTCP _nbl 99756244 |
||
| 942 |
_2lcc _cbk |
||
| 946 | _aclperez | ||
| 994 |
_aC0 _bDRFGD |
||
| 999 |
_c110730 _d110730 |
||